[Event "Canadian op"]
[Site "Laval"]
[Date "2024.07.18"]
[Round "8"]
[White "Chen, Yidong"]
[Black "Mok, Erwin Jr Han"]
[Result "1-0"]
[WhiteElo "1970"]
[BlackElo "1757"]
[PlyCount "111"]
[EventDate "2024.07.13"]
[EventType "swiss"]
[EventRounds "9"]
[EventCountry "CAN"]
[SourceTitle "EXT 2025"]
[Source "ChessBase"]
[SourceDate "2024.10.14"]
[SourceVersion "1"]
[SourceVersionDate "2024.10.14"]
[SourceQuality "1"]

1. e4 c5 2. Nf3 d6 3. d4 cxd4 4. Nxd4 Nf6 5. Nc3 g6 6. Be3 Bg7 7. f3 0-0 8. Qd2 Nc6 9. 0-0-0 d5 10. Nxc6 bxc6 11. Bc4 e6 12. h4 Qa5 13. Bb3 Rd8 14. e5 Nd7 15. h5 Bb7 16. Bg5 Rdc8 17. hxg6 fxg6 18. Kb1 Qc7 19. f4 a6 20. Rh3 Nf8 21. Ne2 c5 22. c3 a5 23. Ba4 Rab8 24. Ka1 Ba6 25. Rb1 Rb6 26. Ng3 Qb7 27. Nh1 Rb8 28. Nf2 d4 29. Ng4 dxc3 30. Rxc3 Rb4 31. Bd1 Rd4 32. Qf2 Qd7 33. Bc2 c4 34. Bf6 Rd2 35. Qg3 Qb7 36. Bxg7 Kxg7 37. Ne3 Kh8 38. Qh4 Qf7 39. g3 Rd4 40. Ng4 Rb7 41. Nf6 Rc7 42. Ne4 Nd7 43. Ng5 Qg8 44. Nxe6 Qxe6 45. Qd8+ Kg7 46. Qxc7 Rd2 47. Ba4 Kg8 48. Qd8+ Kg7 49. Qxa5 Bb7 50. Rd1 Rxd1+ 51. Bxd1 Bd5 52. Ba4 Qh3 53. Qxd5 Nb6 54. Qb7+ Kh6 55. Rc1 Nxa4 56. Rh1 1-0

[Event "Canadian op"]
[Site "Laval"]
[Date "2024.07.17"]
[Round "7"]
[White "Mok, Erwin Jr Han"]
[Black "Wilkin, Alain"]
[Result "1-0"]
[WhiteElo "1757"]
[BlackElo "1927"]
[PlyCount "51"]
[EventDate "2024.07.13"]
[EventType "swiss"]
[EventRounds "9"]
[EventCountry "CAN"]
[SourceTitle "EXT 2025"]
[Source "ChessBase"]
[SourceDate "2024.10.14"]
[SourceVersion "1"]
[SourceVersionDate "2024.10.14"]
[SourceQuality "1"]

1. d4 Nf6 2. c4 g6 3. f3 d6 4. e4 Bg7 5. Nc3 0-0 6. Be3 Nc6 7. Qd2 e5 8. d5 Ne7 9. Bd3 Nd7 10. g4 Kh8 11. h4 Ng8 12. h5 Bf6 13. g5 Be7 14. 0-0-0 Re8 15. Nge2 Nf8 16. f4 Bg4 17. hxg6 fxg6 18. f5 Qd7 19. Rdf1 Bd8 20. Ng3 c5 21. Rh4 h5 22. Qh2 Nh7 23. Rxg4 hxg4 24. fxg6 Qg7 25. gxh7 Qxh7 26. Qe2 1-0

[Event "Canadian op"]
[Site "Calgary"]
[Date "2023.07.24"]
[Round "4"]
[White "Mok, Erwin Jr Han"]
[Black "Su, Ethan"]
[Result "1/2-1/2"]
[WhiteElo "1212"]
[BlackElo "1954"]
[PlyCount "113"]
[EventDate "2023.07.22"]
[EventType "swiss"]
[EventRounds "10"]
[EventCountry "CAN"]
[SourceTitle "EXT 2024"]
[Source "ChessBase"]
[SourceDate "2023.10.10"]
[SourceVersion "1"]
[SourceVersionDate "2023.10.10"]
[SourceQuality "1"]

1. d4 Nf6 2. c4 e6 3. Nc3 d5 4. Bg5 dxc4 5. e3 a6 6. Bxc4 b5 7. Bd3 Bb7 8. Nf3 c5 9. dxc5 Bxc5 10. 0-0 Nbd7 11. Be4 Qb6 12. Bxb7 Qxb7 13. a3 Be7 14. Qe2 0-0 15. Rfd1 Nb6 16. Ne5 Rfc8 17. Na2 Rc5 18. Bf4 Nbd5 19. Bg3 Ne4 20. Qf3 f5 21. Nc1 Rc2 22. Ncd3 Ng5 23. Qh5 Nxe3 24. Nf4 Nxd1 25. Rxd1 Bf6 26. Nd7 Qc6 27. Nxf6+ gxf6 28. h4 Ne4 29. Qh6 Rc1 30. Rxc1 Qxc1+ 31. Kh2 e5 32. f3 Nxg3 33. Qxf6 Qh1+ 34. Kxg3 exf4+ 35. Kf2 Re8 36. Qg5+ Kh8 37. Qf6+ Kg8 38. Qg5+ Kf7 39. Qxf5+ Ke7 40. Qe5+ Kd7 41. Qd5+ Kc7 42. Qf7+ Kd8 43. Qd5+ Ke7 44. Qe5+ Kd7 45. Qd5+ Kc7 46. Qf7+ Kd6 47. Qxe8 Qxh4+ 48. Ke2 Qf6 49. Qb8+ Kd5 50. Qg8+ Qe6+ 51. Qxe6+ Kxe6 52. b4 Kd5 53. Kd3 Ke5 54. Kc3 Kd5 55. Kd3 Ke5 56. Kc3 Kd5 57. Kd3 1/2-1/2

[Event "Canadian op"]
[Site "Calgary"]
[Date "2023.07.23"]
[Round "2"]
[White "Zhong, Ryan Yunhui"]
[Black "Mok, Erwin Jr Han"]
[Result "1-0"]
[WhiteElo "1674"]
[BlackElo "1212"]
[PlyCount "103"]
[EventDate "2023.07.22"]
[EventType "swiss"]
[EventRounds "10"]
[EventCountry "CAN"]
[SourceTitle "EXT 2024"]
[Source "ChessBase"]
[SourceDate "2023.10.10"]
[SourceVersion "1"]
[SourceVersionDate "2023.10.10"]
[SourceQuality "1"]

1. e4 c5 2. Nf3 d6 3. Bb5+ Bd7 4. Bxd7+ Qxd7 5. 0-0 Nc6 6. c3 d5 7. exd5 Qxd5 8. d4 e6 9. Na3 cxd4 10. c4 Qd7 11. Nb5 a6 12. Nbxd4 Bd6 13. Re1 Nge7 14. Be3 0-0 15. Qc2 h6 16. Rad1 Qc7 17. Qe4 Nxd4 18. Bxd4 Nc6 19. Bc3 Bb4 20. Bxb4 Nxb4 21. a3 Nc6 22. Nd4 Nxd4 23. Rxd4 Rfd8 24. Red1 Rac8 25. b3 a5 26. g3 b6 27. h4 Rxd4 28. Rxd4 Rd8 29. Qd3 Rxd4 30. Qxd4 Qc6 31. Kf1 f6 32. Ke2 Kf7 33. Kd2 Ke7 34. b4 axb4 35. axb4 g6 36. Kc3 h5 37. b5 Qc7 38. Kb3 Qb7 39. Kb4 Qa7 40. Qe3 Qa5+ 41. Kb3 Kf7 42. Qd4 Qa7 43. Qd6 e5 44. c5 bxc5 45. b6 Qa5 46. Qd7+ Kg8 47. b7 Qb4+ 48. Kc2 Qe4+ 49. Kd2 Qb4+ 50. Kd3 Qb1+ 51. Kc4 Qb4+ 52. Kd5 1-0

[Event "Canadian op"]
[Site "Calgary"]
[Date "2023.07.22"]
[Round "1"]
[White "Mok, Erwin Jr Han"]
[Black "He, Matthew"]
[Result "1/2-1/2"]
[WhiteElo "1212"]
[BlackElo "1861"]
[PlyCount "122"]
[EventDate "2023.07.22"]
[EventType "swiss"]
[EventRounds "10"]
[EventCountry "CAN"]
[SourceTitle "EXT 2024"]
[Source "ChessBase"]
[SourceDate "2023.10.10"]
[SourceVersion "1"]
[SourceVersionDate "2023.10.10"]
[SourceQuality "1"]

1. d4 d5 2. c4 e6 3. Nc3 Bb4 4. cxd5 exd5 5. Bf4 Nf6 6. e3 c5 7. a3 Bxc3+ 8. bxc3 c4 9. Qc2 Nc6 10. Nf3 0-0 11. Be2 Na5 12. Nd2 Re8 13. Bg5 Qd6 14. Bf3 Nd7 15. 0-0 Nb6 16. Bf4 Qc6 17. e4 Be6 18. a4 Rad8 19. Rfb1 Nb3 20. Ra3 f6 21. a5 Nxd2 22. Bxd2 Nc8 23. Bf4 Nd6 24. Bxd6 Rxd6 25. Raa1 Bf7 26. exd5 Bxd5 27. Bxd5+ Qxd5 28. Re1 Rxe1+ 29. Rxe1 Qxa5 30. Qe2 Qb5 31. Qe4 Qd7 32. h3 a5 33. d5 b5 34. Rd1 g6 35. Qd4 Kf7 36. Qc5 a4 37. Kh1 h5 38. Kh2 a3 39. Qxa3 Rxd5 40. Rxd5 Qxd5 41. g3 g5 42. Qa7+ Kg6 43. Qe7 Qe5 44. Qb4 h4 45. Qb1+ Qf5 46. Qb2 hxg3+ 47. fxg3 Qd5 48. Qe2 Qe5 49. Qc2+ Kh6 50. Qd2 Qe4 51. Qb2 Qd5 52. Qf2 Kg6 53. Qc2+ Qd3 54. Qb2 Qf5 55. Qe2 Qe5 56. Qd2 f5 57. Qc2 Qd6 58. Qb2 Qc5 59. Qe2 Kf6 60. Qd2 Qb6 61. h4 f4 1/2-1/2